| 000 | 00399nam a22001697a 4500 | ||
|---|---|---|---|
| 003 | SGT | ||
| 020 | _a9789359112961 | ||
| 082 |
_a150 _bE24K |
||
| 100 | _aKHAN WAHEEDA | ||
| 245 | _aEVERYDAY PSYCHOLOGY | ||
| 250 | _a1ST | ||
| 260 |
_aINDIA _bWALNUT PUB _c2024 |
||
| 300 | _a251 | ||
| 650 | _aPSYCHOLOGY | ||
| 653 |
_aEVERYDAY PSYCHOLOGY _aSGT UNIVERSITY FACULTY PUBLICATION |
||
| 942 |
_2ddc _cBK |
||
| 999 |
_c33128 _d33128 |
||